000 01403naa a22003497a 4500
001 BR9401156
003 BR-BrBNA
005 20240918180914.0
007 ta
008 230509b bl.||||| |||| 00| 0 por d
040 _aBR-BrBNA
_bpor
_cBiblioteca Nacional de Agricultura
041 _a(Pt)
072 _aP11; P33
090 _aP11 BR9401156
100 1 _aPruski, F.F.
100 1 _aFerreira, P.A.
100 1 _aSediyama, G.C.
100 1 _aVieira, M.
100 1 _aSousa, E.F. de
111 1 _a21. Congresso Brasileiro de Engenharia Agricola1. Simposio de Engenharia Agricola do Cone Sul
_cSanta Maria, RS (Brazil)
_d27-31 Jul 1992
245 1 _aDeterminacao da vazao maxima de escoamento superficial em sistemas de conservacao de solos com gradientes, em Cascavel e Palotina, Parana
260 3 _aSanta Maria, RS (Brasil):
_c1992.
500 _a21. Congresso Brasileiro de Engenharia Agricola e 1. Simposio de Engenharia Agricola do Cone Sul Santa Maria, RS (Brasil): 1992. v. 2A p. 649-663 (BR9401156-AM)P11
650 _aAgua
650 _aInfiltracao
650 _aCanal de Escoamento
650 _aVazao
650 _aDrenagem
773 0 _t21. Congresso Brasileiro de Engenharia Agricola e 1. Simposio de Engenharia Agricola do Cone Sul
_wP11 BR9401156
_gSanta Maria, RS (Brasil), 1992. v. 2A p. 649-663
909 _a202404
_bLucia
_c55
_dLucia Elande
942 _cAM
_2AGRIS
999 _c322591
_d322591